banner koha

Exigencia nutricional de metionina + cistina para galinhas poedeiras de ovos brancos e marrons, no segundo ciclo de producao; 1: caracteristicas produtivas (Registro n. 162226)

MARC details
000 -LÍDER
campo de controle de tamanho fixo 01111nas a2200349 4500
001 - NÚMERO DE CONTROLE
campo de controle BR9903642
003 - IDENTIFICADOR DO NÚMERO DE CONTROLE
campo de controle BR-BrBNA
005 - DATA E HORÁRIO DA ÚLTIMA TRANSAÇÃO
campo de controle 20231205101512.0
007 - CAMPO FIXO DE DESCRIÇÃO FÍSICA--INFORMAÇÃO GERAL
campo de controle de tamanho fixo ta
008 - CAMPO DE DADOS FIXOS--INFORMAÇÃO GERAL
campo de controle de tamanho fixo 230509b bl.|||p| |||| 00| 00por d
040 ## - FONTE DA CATALOGAÇÃO
Instituição da catalogação original BR-BrBNA
Idioma da catalogação por
Instituição que transcreveu o registro Biblioteca Nacional de Agricultura
041 ## - CÓDIGO DE IDIOMA
Código do idioma do texto/trilha sonora ou título diferente (Pt)
072 ## - CÓDIGO DE CATEGORIA DE ASSUNTO
Código de Categoria de Assunto L51; L01
100 1# - ENTRADA PRINCIPAL--NOME PESSOAL
Nome pessoal Barbosa, B.A.C.
100 1# - ENTRADA PRINCIPAL--NOME PESSOAL
Nome pessoal Soares, P.R.
100 1# - ENTRADA PRINCIPAL--NOME PESSOAL
Nome pessoal Rostagno, H.S.
100 1# - ENTRADA PRINCIPAL--NOME PESSOAL
Nome pessoal Silva, M. de A. e
100 1# - ENTRADA PRINCIPAL--NOME PESSOAL
Nome pessoal Albino, L.F.T.
100 1# - ENTRADA PRINCIPAL--NOME PESSOAL
Nome pessoal Gracas, A.S. das
245 1# - TÍTULO
Título Exigencia nutricional de metionina + cistina para galinhas poedeiras de ovos brancos e marrons, no segundo ciclo de producao; 1: caracteristicas produtivas
650 ## - ASSUNTO--TERMO TÓPICO
Cabeçalho tópico ou nome geográfico Galinha para Postura
650 ## - ASSUNTO--TERMO TÓPICO
Cabeçalho tópico ou nome geográfico Exigencia Nutricional
650 ## - ASSUNTO--TERMO TÓPICO
Cabeçalho tópico ou nome geográfico Metionina
650 ## - ASSUNTO--TERMO TÓPICO
Cabeçalho tópico ou nome geográfico Suplemento Alimentar
650 ## - ASSUNTO--TERMO TÓPICO
Cabeçalho tópico ou nome geográfico Cistina
650 ## - ASSUNTO--TERMO TÓPICO
Cabeçalho tópico ou nome geográfico Ovo
650 ## - ASSUNTO--TERMO TÓPICO
Cabeçalho tópico ou nome geográfico Condicao Ambiental
650 ## - ASSUNTO--TERMO TÓPICO
Cabeçalho tópico ou nome geográfico Minas Gerais
773 0# - ENTRADA ANALÍTICA
Título Revista Brasileira de Zootecnia (Brazil)
ISSN - International Standard Serial Number ISSN 1516-3598
Partes relacionadas (May-Jun 1999), v. 28(3) p. 526-533
Número de controle do registro BR9903642
909 ## -
-- 202311
-- Lúcia
-- 55
-- Lúcia Elande
942 ## - ELEMENTOS DE ENTRADA ADICIONADOS (KOHA)
Fonte da classificação ou esquema de arquivamento na estante Classificação AGRIS
Ocultar no OPAC Não
Tipo de material Koha Analítica
Exemplares
Situação do descarte Fonte da classificação ou esquema de arquivamento na estante Situação física Não pode ser emprestado Biblioteca de origem Biblioteca atual Localização na estante Enumeração do periódico / cronologia Total de empréstimos Data de último acesso Número do exemplar Tipo de material Koha Fonte de aquisição
  Classificação AGRIS   Consulta local Biblioteca Nacional de Agricultura - Binagri Biblioteca Nacional de Agricultura - Binagri   (May-Jun 1999), v. 28(3) p. 526-533   29/11/2023 01 Periódicos Portaria Interministerial nº 164/94

BINAGRI

Telefone: (61)3218-2567/2388/3357/2097 - binagri@agro.gov.br

Ministério da Agricultura e Pecuária , Esplanada dos Ministérios, Bloco D, Anexo B, Brasília/DF, CEP: 70.043-900